Concellos of Lugo (Fill-in Map) - Statistics

General Stats
  • This quiz has been taken 203 times
  • The average score is 45 of 67
Answers on the Map
Answers color-coded by a green-red scale on the quiz's map according to % correct below.
 
Answer Stats
Answer % Correct
Lugo
99%
Burela
94%
Foz
94%
Ribadeo
91%
Viveiro
87%
Monforte de Lemos
86%
A Fonsagrada
84%
Mondoñedo
83%
Sarria
83%
Vilalba
83%
Guitiriz
81%
Chantada
80%
Monterroso
79%
Xove
79%
Barreiros
77%
Cervo
77%
Palas de Rei
77%
Pedrafita do Cebreiro
77%
Castro de Rei
76%
Outeiro de Rei
74%
Friol
73%
Rábade
73%
Quiroga
70%
Becerreá
69%
Lourenzá
69%
Alfoz
67%
Castroverde
67%
Cervantes
67%
Navia de Suarna
67%
Abadín
66%
Negueira de Muñiz
66%
O Vicedo
66%
Antas de Ulla
64%
A Pastoriza
64%
Meira
63%
Ourol
63%
Portomarín
63%
Cospeito
61%
Folgoso do Courel
61%
Sober
61%
Baleira
60%
Taboada
60%
Xermade
60%
Baralla
59%
Guntín
59%
Riotorto
59%
Trabada
59%
Triacastela
59%
Láncara
57%
O Incio
57%
O Páramo
57%
Ribas de Sil
57%
A Pontenova
56%
As Nogais
56%
Begonte
56%
Bóveda
56%
O Valadouro
56%
Paradela
56%
Samos
56%
Muras
54%
O Corgo
54%
Pol
54%
O Saviñao
51%
Ribeira de Piquín
51%
Pantón
47%
Carballedo
46%
A Pobra do Brollón
36%
No matching quizzes found
Score Distribution
Percent of People with Each Score
Percentile by Number Answered
Your Score History
You have not taken this quiz